Представление документа в формате MARC21

ПолеНазваниеЗначение
  Тип записи a
  Библиографический уровень m
001 Контрольный номер RU/URAIT/534288
005 Дата корректировки 20260429163646.4
008 Кодируемые данные 260429s2025 RU y f j 000 0 rus u
020 Индекс ISBN __
a ISBN 978-5-534-18104-3
c Цена, тираж 0.00
040 Источник каталогиз. __
a Служба первич. каталог. ИКО Юрайт
c Служба, преобразующая запись ИКО Юрайт
e Правила каталог. RCR
041 Код языка издания __
a Код языка текста rus
044 Код страны публикации __
a Код страны публикации RU
080 Индекс УДК __
a Индекс УДК 72(075.8)
084 Индекс другой классификации/Индекс ББК __
2 Источник индекса rubbk
a Индекс другой классификации/Индекс ББК 85.118я73
100 Автор __
a Автор Ананьин М. Ю.
q Полное имя Ананьин Михаил Юрьевич
245 Заглавие __
a Заглавие Реконструкция зданий. Модернизация жилого многоэтажного здания
b Продолж. заглавия учебное пособие для вузов
c Ответственность М. Ю. Ананьин.
256 Характеристики компьютерного файла __
a Характеристики компьютерного файла Электрон. дан.
260 Выходные данные __
a Место издания Москва
b Издательство Юрайт
c Дата издания 2025
300 Физическое описание __
a Объем 110 с
440 Серия __
a Серия Высшее образование
500 Примечания __
a Примечание URL: https://urait.ru/bcode/534288 (дата обращения: 29.04.2026).
520 Аннотация __
a Аннотация В курсе освещены теоретические основы и обобщен опыт реконструкции зданий и сооружений, а также рассматриваются практические приемы модернизации жилых многоэтажных зданий. Курс имеет практикоориентированный характер, и приобретенные студентом знания и навыки помогут ему при выполнении курсовых работ и дипломных проектов, а также в практической деятельности. Для студентов высших учебных заведений, обучающихся по инженерно-техническим направлениям.
538 Прим. о системных особенностях __
a Прим. о системных особенностях Режим доступа: Электронно-библиотечная система Юрайт, для авториз. пользователей
653 Ключевые слова __
a Ключевые слова Строительство
653 Ключевые слова __
a Ключевые слова Технические науки
653 Ключевые слова __
a Ключевые слова Инженерные изыскания, инвентаризация и реконструкция застройки
653 Ключевые слова __
a Ключевые слова Реконструкция зданий, сооружений и застройки
653 Ключевые слова __
a Ключевые слова Технология возведения зданий и сооружений
653 Ключевые слова __
a Ключевые слова Эксплуатация и реконструкция сооружений
653 Ключевые слова __
a Ключевые слова Реконструкция зданий
653 Ключевые слова __
a Ключевые слова Оценка технического состояния зданий
653 Ключевые слова __
a Ключевые слова Реконструкция зданий и сооружений
653 Ключевые слова __
a Ключевые слова Эксплуатация и реконструкция зданий и сооружений
653 Ключевые слова __
a Ключевые слова Оценка технического состояния зданий и сооружений
653 Ключевые слова __
a Ключевые слова Проектирование реконструкции зданий и сооружений
653 Ключевые слова __
a Ключевые слова Усиление и реконструкция зданий и сооружений
653 Ключевые слова __
a Ключевые слова Реконструкция зданий и сооружений в городской застройке
653 Ключевые слова __
a Ключевые слова Реконструкция зданий и застройки
653 Ключевые слова __
a Ключевые слова Ремонт и реконструкция зданий и сооружений
653 Ключевые слова __
a Ключевые слова Восстановление и реконструкция зданий и сооружений
653 Ключевые слова __
a Ключевые слова Реконструкция и модернизация зданий и сооружений
653 Ключевые слова __
a Ключевые слова Оценка реконструкции зданий и сооружений
653 Ключевые слова __
a Ключевые слова Техническая реконструкция и модернизация зданий и сооружений в системе городской застройки
653 Ключевые слова __
a Ключевые слова Техническая эксплуатация и модернизация зданий
653 Ключевые слова __
a Ключевые слова Диагностика и реконструкция зданий и сооружений
653 Ключевые слова __
a Ключевые слова Строительство и реконструкция зданий и сооружений
653 Ключевые слова __
a Ключевые слова Реконструкция зданий и сооружений и обновление городской застройки
653 Ключевые слова __
a Ключевые слова Архитектурно-строительные основы реконструкции зданий
653 Ключевые слова __
a Ключевые слова Проектирование реконструкции гражданских зданий
653 Ключевые слова __
a Ключевые слова Архитектурное проектирование: Основы реконструкции жилых, общественных, промышленных зданий
856 Электронный адрес документа 40
n Местонахождение сервера Юрайт
g Электронная книга
q Тип электронного формата html
h Имя пользователя ЮРАЙТ
v Часы доступа к ресурсу 20271231
2 Способ доступа Показать документ
x Служебное примечание https://urait.ru/book/cover/93112CD6-B98F-471A-8819-EF31B5248D34
u URL https://urait.ru/bcode/534288
856 Электронный адрес документа 48
q Тип электронного формата cover
u URL https://urait.ru/book/cover/93112CD6-B98F-471A-8819-EF31B5248D34
911 __
u 0030=https://urait.ru/bcode/534288
911 __
u 073a=9785534181043
u 073d=0.00
911 __
u 106a=s
911 __
u 900l=
952 Тип литературы __
i Дисциплина Инженерные изыскания, инвентаризация и реконструкция застройки
952 Тип литературы __
i Дисциплина Реконструкция зданий, сооружений и застройки
952 Тип литературы __
i Дисциплина Технология возведения зданий и сооружений
952 Тип литературы __
i Дисциплина Эксплуатация и реконструкция сооружений
952 Тип литературы __
i Дисциплина Реконструкция зданий
952 Тип литературы __
i Дисциплина Оценка технического состояния зданий
952 Тип литературы __
i Дисциплина Реконструкция зданий и сооружений
952 Тип литературы __
i Дисциплина Эксплуатация и реконструкция зданий и сооружений
952 Тип литературы __
i Дисциплина Оценка технического состояния зданий и сооружений
952 Тип литературы __
i Дисциплина Проектирование реконструкции зданий и сооружений
952 Тип литературы __
i Дисциплина Усиление и реконструкция зданий и сооружений
952 Тип литературы __
i Дисциплина Реконструкция зданий и сооружений в городской застройке
952 Тип литературы __
i Дисциплина Реконструкция зданий и застройки
952 Тип литературы __
i Дисциплина Ремонт и реконструкция зданий и сооружений
952 Тип литературы __
i Дисциплина Восстановление и реконструкция зданий и сооружений
952 Тип литературы __
i Дисциплина Реконструкция и модернизация зданий и сооружений
952 Тип литературы __
i Дисциплина Оценка реконструкции зданий и сооружений
952 Тип литературы __
i Дисциплина Техническая реконструкция и модернизация зданий и сооружений в системе городской застройки
952 Тип литературы __
i Дисциплина Техническая эксплуатация и модернизация зданий
952 Тип литературы __
i Дисциплина Диагностика и реконструкция зданий и сооружений
952 Тип литературы __
i Дисциплина Строительство и реконструкция зданий и сооружений
952 Тип литературы __
i Дисциплина Реконструкция зданий и сооружений и обновление городской застройки
952 Тип литературы __
i Дисциплина Архитектурно-строительные основы реконструкции зданий
952 Тип литературы __
i Дисциплина Проектирование реконструкции гражданских зданий
952 Тип литературы __
i Дисциплина Архитектурное проектирование: Основы реконструкции жилых, общественных, промышленных зданий